000 00440nam a2200157 i 4500
001 114468
003 ES-MaACL
007 t|
008 070302s1930 fr ||||1| fre d
080 _a728.81(44)
245 0 4 _aLes beaux châteaux de France
_b: deuxième serie.
260 _aParis :
_bHachette,
_c1930 (
_fCorbeil Creté)
300 _a156 p. :
_bil. ;
_c37 cm.
650 1 4 _aCastillos-
_zFrancia.
_910830
852 _aES-MaACL
_jB-6484
999 _c114468
_d114468